000 00321nam a2200133 i 4500
001 bg
100 1 _aPUTTERMAN SETH, J.
245 0 _aGidrodynamika sverchtekucej zidkosti /
_cJ. Putterman Seth.
260 _aMoskva,
_c1978.
040 _cBPK
041 _apol
942 _cKS
008 s pl f |000 0 pol
999 _c9787
_d9787
856 _uhttp://koha.tu.koszalin.pl/cgi-bin/koha/opac-detail.pl?biblionumber=9787
_yKatalog online BPK